000 00453nam a2200169Ia 4500
008 240729s9999 xx 000 0 und d
022 _a1557-9263
245 0 _aJournal of Field Ornithology
260 _aUnited States
260 _bResilience Alliance
650 _a Animal culture
650 _a Zoology | Agriculture
650 _aScience
856 _uhttps://doaj.org/toc/096c9141d5a84a76b50e8d50d5722fd7
942 _2ddc
942 _cDOAJEJ
999 _c68280
_d68280
945 _a1
_bMadushi Gamage
_c1
_dMadushi Gamage